[Event "GER-chT U14 Girls"]
[Site "Magdeburg"]
[Date "2015.12.28"]
[Round "3.3"]
[White "Wagner, Anna"]
[Black "Kesselmeier, Olivia"]
[Result "1-0"]
[WhiteElo "1006"]
[BlackElo "1078"]
[PlyCount "183"]
[EventDate "2015.12.27"]
[EventType "team-swiss"]
[EventRounds "7"]
[EventCountry "GER"]
[SourceTitle "EXT 2017"]
[Source "ChessBase"]
[SourceDate "2016.10.25"]
[SourceVersion "1"]
[SourceVersionDate "2016.10.25"]
[SourceQuality "1"]
[WhiteTeam "Endingen"]
[BlackTeam "Paderborn Blauer Springer"]
[WhiteTeamCountry "GER"]
[BlackTeamCountry "GER"]

1. e4 c5 2. Nf3 Nc6 3. Nc3 e6 4. Bb5 Qc7 5. d3 a6 6. Bxc6 Qxc6 7. Ne5 Qc7 8. Bf4 d6 9. Nf3 Nf6 10. 0-0 h6 11. e5 Nd7 12. Re1 dxe5 13. Nxe5 Bd6 14. Qe2 Nxe5 15. Bxe5 0-0 16. Bxd6 Qxd6 17. Qe5 Rd8 18. Qxd6 Rxd6 19. Re2 Bd7 20. Rae1 Rc6 21. Re5 f6 22. Rh5 b5 23. Ne4 e5 24. c3 c4 25. d4 Re8 26. dxe5 Rxe5 27. Rxe5 fxe5 28. h3 Be8 29. Nd2 Re6 30. b3 cxb3 31. Nxb3 Bf7 32. Nc5 Rc6 33. Rxe5 Bxa2 34. Kf1 Bc4+ 35. Ke1 a5 36. Kd2 Rd6+ 37. Kc2 a4 38. Nb7 Rb6 39. Na5 Bf7 40. Kb2 b4 41. cxb4 Rxb4+ 42. Ka3 Rd4 43. Nc6 Rc4 44. Nd8 Bg6 45. Ra5 Bc2 46. Nb7 Rc7 47. Rc5 Rxb7 48. Rxc2 Ra7 49. Rc4 Rf7 50. f3 Rf6 51. Kxa4 Rg6 52. Rc2 Kf7 53. g4 Ra6+ 54. Kb4 Rb6+ 55. Ka5 Rb3 56. Rf2 Kg6 57. h4 Re3 58. Kb4 Re8 59. Kc3 Rc8+ 60. Kd4 Rd8+ 61. Ke4 Re8+ 62. Kf4 Rf8+ 63. Kg3 Kh7 64. g5 g6 65. gxh6 Kxh6 66. Kg4 Rf5 67. f4 Rh5 68. Re2 Rf5 69. Re5 Rf6 70. h5 gxh5+ 71. Rxh5+ Kg6 72. Rg5+ Kf7 73. Rf5 Rxf5 74. Kxf5 Kg7 75. Ke6 Kf8 76. Kf6 Ke8 77. Kg7 Ke7 78. f5 Ke8 79. f6 Kd7 80. f7 Ke6 81. f8Q Ke5 82. Qf7 Kd6 83. Kg6 Kc6 84. Qe7 Kb6 85. Qd7 Ka6 86. Qc7 Kb5 87. Kf5 Ka6 88. Ke5 Kb5 89. Kd5 Ka6 90. Qb8 Ka5 91. Kc4 Ka4 92. Qa8# 1-0